BIBLIOTECA

SENCICO

Módulo de formación para la ciudadanía / (Registro nro. 171)

Detalles MARC
000 -LEADER
fixed length control field 01422nam a2200313Ia 4500
003 - CONTROL NUMBER IDENTIFIER
control field PE SENCICO BE
005 - DATE AND TIME OF LATEST TRANSACTION
control field 20251020182428.0
008 - FIXED-LENGTH DATA ELEMENTS--GENERAL INFORMATION
fixed length control field 200515s9999 xx 000 0 und d
020 ## - INTERNATIONAL STANDARD BOOK NUMBER
International Standard Book Number 92-9088-106-4
040 ## - CATALOGING SOURCE
Original cataloging agency PE SENCICO BE
Transcribing agency PE SENCICO BE
041 ## - LANGUAGE CODE
Language code of text/sound track or separate title spa
082 ## - DEWEY DECIMAL CLASSIFICATION NUMBER
Classification number 323.6
Item number G98
100 1# - MAIN ENTRY--PERSONAL NAME
Personal name Guzmán, Virginia
9 (RLIN) 2400
Relator term autor
245 #0 - TITLE STATEMENT
Title Módulo de formación para la ciudadanía /
Statement of responsibility, etc. Virginia Guzmán, María E. Irigoin
250 ## - EDITION STATEMENT
Edition statement 1a ed.
260 ## - PUBLICATION, DISTRIBUTION, ETC.
Place of publication, distribution, etc. Montevideo :
Name of publisher, distributor, etc. CINTERFOR ;
Date of publication, distribution, etc. 2000
300 ## - PHYSICAL DESCRIPTION
Extent 194 p. :
Other physical details tbl. ;
Dimensions 29 cm.
490 ## - SERIES STATEMENT
Series statement Formujer, formación y oportunidades
505 0# - FORMATTED CONTENTS NOTE
Formatted contents note Guía para el docente: Información general sobre el módulo -- Orientaciones metodológicas generales -- Unidad modular 1: Afianzando nuestra autonomía personal -- Unidad modular 2: Propósito de derechos y responsabilidades -- Unidad modular 3: Participación y liderazgo
610 10 - SUBJECT ADDED ENTRY--CORPORATE NAME
9 (RLIN) 2403
Corporate name or jurisdiction name as entry element CINTERFOR
650 10 - SUBJECT ADDED ENTRY--TOPICAL TERM
Topical term or geographic name entry element Ciudadanía
9 (RLIN) 2408
650 20 - SUBJECT ADDED ENTRY--TOPICAL TERM
Topical term or geographic name entry element Formación profesional
9 (RLIN) 1311
650 20 - SUBJECT ADDED ENTRY--TOPICAL TERM
Topical term or geographic name entry element Estrategias de aprendizaje
9 (RLIN) 2409
700 1# - ADDED ENTRY--PERSONAL NAME
9 (RLIN) 2402
Personal name Irigoin, María E.
Relator term autor
710 1# - ADDED ENTRY--CORPORATE NAME
9 (RLIN) 2401
Corporate name or jurisdiction name as entry element Programa Regional para el Fortalecimiento de la Formación Profesional y Técnica de Mujeres de Bajos Ingresos
710 1# - ADDED ENTRY--CORPORATE NAME
9 (RLIN) 2182
Corporate name or jurisdiction name as entry element Organización Internacional del Trabajo
710 1# - ADDED ENTRY--CORPORATE NAME
9 (RLIN) 2178
Corporate name or jurisdiction name as entry element Centro Interamericano de Investigación y Documentación sobre Formación Profesional
942 ## - ADDED ENTRY ELEMENTS (KOHA)
Koha item type Libros
Source of classification or shelving scheme Dewey Decimal Classification
Existencias
Fecha de la última vez que lo usaron Número de ingreso o de inventario Pago total Signatura topográfica completa Código de barras Precio efectivo desde Tipo de documento Estado perdido Sistema de clasificación Estado dañado No es para préstamo Retirado Ubicación permanente Ubicación actual Fecha de adquisición
15/05/2020 12001   323.6/G98 BibLima24070067 15/05/2020 Libros   Dewey Decimal Classification       Biblioteca Central Lima Biblioteca Central Lima 15/05/2020